Lãnh đạo bằng sự khiêm nhường : (Record no. 19317)

000 -LEADER
fixed length control field 00630cam a2200181Ii 4500
020 ## - INTERNATIONAL STANDARD BOOK NUMBER
ISBN 9786047731213
020 ## - INTERNATIONAL STANDARD BOOK NUMBER
ISBN 604773121X
040 ## - CATALOGING SOURCE
Transcribing agency ORX
041 1# - LANGUAGE CODE
Language code of original and/or intermediate translations of text eng
082 04 - DEWEY DECIMAL CLASSIFICATION NUMBER
Classification number 658 ROY 2002 C165 Or.
100 1# - MAIN ENTRY--AUTHOR NAME
Personal name Krames, Jeffrey A.
245 10 - TITLE STATEMENT
Title Lãnh đạo bằng sự khiêm nhường :
Remainder of title 12 bài học lãnh đạo từ Giáo hoàng Francis /
300 ## - PHYSICAL DESCRIPTION
Number of Pages 195 pages ;
Dimensions 19 cm
520 ## - SUMMARY, ETC.
Summary, etc Collects twelve lessons in leadership from Pope Francis, that provides readers with a way to become compassionate, authentic, and effective leaders.
650 #0 - SUBJECT ADDED ENTRY--TOPICAL TERM
Topical Term Leadership
700 1# - ADDED ENTRY--PERSONAL NAME
Personal name Phạm, Phương Thảo
942 ## - ADDED ENTRY ELEMENTS (KOHA)
Koha item type ADB
952 ## - LOCATION AND ITEM INFORMATION (KOHA)
Withdrawn status [LOCAL, KOHA] 0
Holdings
Source of acquisition Permanent Location Date acquired Koha item type Lost status Shelving location Current Location Full call number
A39058Library Block C2020-09-22សៀវភៅភាសាអង់គ្លេស C165Library Block C658 ROY 2002 C165 Or.
មជ្ឈមណ្ឌលឯការនៃសាកលវិទ្យាល័យភូមិន្ទកសិកម្មចំការដូង

Powered by Koha